100 Biggest Cities of Uruguay on a Map - Statistics

General Stats
  • This quiz has been taken 195 times
  • The average score is 24 of 100
Answers on the Map
Answers color-coded by a green-red scale on the quiz's map according to % correct below.
 
Answer Stats
Population City % Correct
1,287,452 Montevideo
94%
84,775 Rivera
65%
114,043 Salto
65%
36,449 Florida
61%
18,137 Punta del Este
61%
102,000 Maldonado
59%
55,985 Melo
56%
81,489 Paysandú
55%
26,784 Rocha
49%
32,159 Colonia del Sacramento
48%
60,581 Tacuarembó
46%
43,843 Artigas
45%
40,279 Durazno
45%
24,185 Canelones
44%
25,870 Treinta y Tres
44%
113,252 Ciudad de la Costa
39%
38,633 Minas
37%
16,166 Bella Unión
35%
61,246 Las Piedras
35%
43,528 Mercedes
35%
22,893 Trinidad
35%
19,915 Carmelo
34%
13,529 Chuy
34%
26,951 Fray Bentos
32%
31,163 Pando
32%
17,379 Río Branco
31%
38,550 San José de Mayo
31%
17,814 Young
31%
8,139 Atlántida
30%
38,249 Ciudad del Plata
30%
5,939 La Paloma
30%
12,144 Piriápolis
30%
19,132 La Paz
28%
12,971 Libertad
27%
11,740 Nueva Helvecia
27%
30,280 San Carlos
27%
17,381 Santa Lucía
27%
22,592 18 de Mayo
25%
12,397 Juan Lacaze
25%
14,210 Paso de los Toros
25%
7,356 San Ramón
25%
5,779 Tala
25%
18,447 Dolores
24%
13,142 Parque del Plata
24%
10,584 Rosario
23%
4,242 Santa Rosa
23%
3,642 Minas de Corrales
21%
11,700 Salinas
21%
6,520 Toledo
21%
7,743 Tranqueras
21%
5,186 Cardona
20%
10,775 Nueva Palmira
20%
5,586 San Jacinto
20%
3,847 San Luis
20%
7,269 Tarariras
20%
3,129 Cerro Chato
18%
3,146 La Floresta
18%
7,620 Pan de Azúcar
18%
11,540 Progreso
18%
7,715 Castillos
17%
4,135 Colonia Valdense
17%
5,401 José Pedro Varela
17%
7,700 Sarandí del Yi
17%
7,446 Sauce
17%
3,244 Solís de Mataojo
17%
3,919 Vichadero
17%
5,762 Guichón
15%
7,572 Lascano
15%
5,425 Las Toscas
15%
9,146 Neptunia
15%
10,170 Nuevo Paysandú
15%
3,960 Vergara
15%
35,660 Barros Blancos
14%
3,899 San Gregorio de Polanco
14%
2,817 Quebracho
13%
3,181 Ecilda Paullier
11%
3,665 Ombúes de Lavalle
11%
3,100 Rodríguez
11%
6,827 Sarandí Grande
11%
2,891 Ansina
10%
3,879 Florencio Sánchez
10%
3,294 Fraile Muerto
10%
8,353 Joaquín Suárez
10%
3,564 Los Cerrillos
10%
5,359 Marindia
10%
11,582 Colonia Nicolich
8%
2,873 Constitución
8%
4,921 Empalme Olmos
7%
7,692 Ejido de Treinta y Tres
6%
4,612 Balneario Buenos Aires
4%
2,888 El Tesoro
4%
4,592 La Capuera
4%
2,775 Tomás Gomensoro
4%
17,586 Paso de Carrasco
3%
3,322 Hipódromo
1%
8,727 Pinamar-Pinepark
1%
4,434 Villa Aeroparque
1%
10,609 Villa Crespo y San Andrés
1%
4,963 Chacras de Paysandú
0%
9,560 Fraccionamiento Camino del Andaluz y Ruta 84
0%
No matching quizzes found
Score Distribution
Percent of People with Each Score
Percentile by Number Answered
Your Score History
You have not taken this quiz